00621nam a22001817a 450000500170000001000150001702000310003203500140006303700130007708200140009024501080010425000090021226000550022127000330027630000800030950000330038970000170042220220216113403.0 aENG-130125 a978-81-8171-472-5c1150.00 aEN-113657 bDBAD/PUB a591.95482 aFauna Of Kanyakumari Wildlife Sanctuary Tamil Nadu:cEdited by The Director, Zoological Survey of India a2017 aNew AliporebThe Director, Zool. Surv. Indiac2017 aM-BlockbNew Aliporee700053 a324p.c24cm (pbk)bIllustrations of Fauna of Kanyakumari Wildlife Sanctuary aConservation Area Series, 58 aThe Director